[Event "AUT-chT2S 9394"]
[Site "Austria"]
[Date "1994.??.??"]
[Round "?"]
[White "Pesek, Reinhard"]
[Black "Semprimoschnig, Christoph"]
[Result "1-0"]
[WhiteElo "2165"]
[BlackElo "2125"]
[PlyCount "80"]
[EventDate "1993.??.??"]
[EventType "team"]
[EventRounds "11"]
[EventCountry "AUT"]
[SourceTitle "EXT 1998"]
[Source "ChessBase"]
[SourceDate "1997.11.17"]
[SourceVersion "1"]
[SourceVersionDate "1997.11.17"]
[SourceQuality "1"]

1. d4 g6 2. Nf3 Bg7 3. g3 Nf6 4. Bg2 0-0 5. 0-0 d6 6. c4 Nbd7 7. Nc3 e5 8. e4 c6 9. Qc2 Re8 10. Bg5 exd4 11. Nxd4 h6 12. Bf4 Nh5 13. Be3 Ne5 14. Nce2 Ng4 15. Bd2 Qb6 16. Bc3 a5 17. b3 Qc5 18. h3 Ne5 19. Kh2 a4 20. f4 Nd7 21. Nf3 axb3 22. axb3 Rxa1 23. Rxa1 Bxc3 24. Nxc3 Ng7 25. Rd1 Nf8 26. Qd2 Qb4 27. Nd5 Qxd2 28. Nf6+ Kh8 29. Rxd2 Re6 30. e5 Nd7 31. Nxd7 Bxd7 32. exd6 Nf5 33. Ne5 Kg7 34. Nxd7 Nxd6 35. Nc5 Rf6 36. Ne4 Nxe4 37. Bxe4 Re6 38. Bc2 Re7 39. Kg2 Kf8 40. Kf2 h5 1-0

[Event "AUT-chT2S 9293"]
[Site "Austria"]
[Date "1993.??.??"]
[Round "?"]
[White "Nickl, Klaus"]
[Black "Pesek, Reinhard"]
[Result "0-1"]
[WhiteElo "2225"]
[BlackElo "2215"]
[PlyCount "86"]
[EventDate "1992.??.??"]
[EventType "team"]
[EventRounds "11"]
[EventCountry "AUT"]
[SourceTitle "EXT 1998"]
[Source "ChessBase"]
[SourceDate "1997.11.17"]
[SourceVersion "1"]
[SourceVersionDate "1997.11.17"]
[SourceQuality "1"]

1. d4 Nf6 2. c4 g6 3. Nc3 Bg7 4. e4 d6 5. Nf3 0-0 6. Be2 Nbd7 7. 0-0 c6 8. Be3 e5 9. d5 c5 10. Ne1 Re8 11. g4 Nf8 12. g5 Nh5 13. Bxh5 gxh5 14. Qxh5 Ng6 15. Ng2 Bd7 16. f3 a6 17. Nd1 b5 18. cxb5 axb5 19. Nf2 Qc8 20. Ng4 Bxg4 21. fxg4 Ra4 22. Qh3 Rxe4 23. Qf3 Rxg4 24. Qxf7+ Kh8 25. Kh1 Rxg2 26. Kxg2 Qg4+ 27. Kh1 Rf8 28. Qe6 Qe4+ 29. Kg1 Qxe3+ 30. Kh1 Nf4 31. Qg4 Qe4+ 32. Qf3 Qxf3+ 33. Rxf3 e4 34. Rb3 Nd3 35. Rxb5 e3 36. Kg2 e2 37. Rb6 Be5 38. h4 Rf2+ 39. Kh3 Rf1 40. h5 Rxa1 41. h6 Kg8 42. Rb8+ Kf7 43. Rb7+ Kg6 0-1

[Event "AUT-chT2S 9293"]
[Site "Austria"]
[Date "1993.??.??"]
[Round "?"]
[White "Wallner, Walter"]
[Black "Pesek, Reinhard"]
[Result "0-1"]
[WhiteElo "2240"]
[BlackElo "2215"]
[PlyCount "88"]
[EventDate "1992.??.??"]
[EventType "team"]
[EventRounds "11"]
[EventCountry "AUT"]
[SourceTitle "EXT 1998"]
[Source "ChessBase"]
[SourceDate "1997.11.17"]
[SourceVersion "1"]
[SourceVersionDate "1997.11.17"]
[SourceQuality "1"]

1. e4 g6 2. d4 Bg7 3. Nc3 d6 4. g3 Nf6 5. Bg2 0-0 6. Nge2 c6 7. 0-0 e5 8. d5 c5 9. h3 b6 10. Be3 Ba6 11. Qd2 Nbd7 12. f4 exf4 13. gxf4 Nh5 14. Rf3 Re8 15. Ng3 Ndf6 16. f5 Nxg3 17. Rxg3 Nh5 18. Rg4 Be5 19. Qf2 Ng7 20. Kh1 h5 21. fxg6 f5 22. Rh4 Rf8 23. Bh6 fxe4 24. Qe1 Nf5 25. Bxf8 Ng3+ 26. Kg1 Qxh4 27. Bh6 Re8 28. Be3 Bd4 29. Bxd4 cxd4 30. Qf2 Rf8 31. Qxd4 Qf4 32. Re1 Nf1 33. Bxf1 Qg3+ 34. Bg2 Qxe1+ 35. Kh2 Bf1 36. Nxe4 Qe2 37. Qg1 Qxc2 38. Kg3 h4+ 39. Kh2 Qxb2 40. Kh1 Bxg2+ 41. Qxg2 Qxg2+ 42. Kxg2 Rf5 43. Nxd6 Rxd5 44. Ne4 Kg7 0-1